000 00620nam a2200217Ia 4500
001 1847
003 GE_BSU
008 181216s||||||||xx |||||||||||||| ||und||
020 _a5720508104
040 _cGE_BSU
080 _a342.9(075.8)
100 _aЗвоненко, Д,П;Мамулов,А.Ю.; Мамулов, Г.Ю;
245 _aАдминистративное право Учебник
260 _aМосква
260 _bЮстицинформ
260 _c2007
300 _a415 см. 20 см.12 л.
541 _h12 л.
653 _aАдминистративное право .
942 _cBK
999 _c35948
_d35948